|
|
|
|
| LEADER |
00000nab a2200000 a 4500 |
| 001 |
vtls000269138 |
| 003 |
SK-MaSNL |
| 005 |
20260304034129.0 |
| 008 |
220423c1986 xo 0 slo |
| 015 |
|
|
|a SNBRA19rr/mm-uuuuu
|
| 035 |
|
|
|a CL0279252
|
| 040 |
|
|
|a SNKBUCL
|b slo
|c SNKBUCL
|e AACR2
|
| 041 |
0 |
|
|a slo
|
| 044 |
|
|
|a xo
|c SK
|
| 080 |
|
|
|a 636.083.314
|2 1981
|
| 080 |
|
|
|a 633.2
|2 1981
|
| 080 |
|
|
|a 631.82
|2 1981
|
| 080 |
|
|
|a 619
|2 1981
|
| 080 |
|
|
|a 591.05
|2 1981
|
| 100 |
1 |
|
|a Pavlík, M.
|4 aut
|9 462832
|
| 245 |
1 |
0 |
|a Vplyv kontinuálneho hnojenia pasienkov na zdravotný stav zvierat
|c M. Pavlík, D. Šúr
|
| 300 |
|
|
|b Tb. 2. Res. rus., angl., lit. 5 zázn. v slov., franc., angl.
|
| 650 |
0 |
7 |
|a pasienky
|2 snkbucl
|9 15081
|
| 650 |
0 |
7 |
|a trávne porasty
|2 snkbucl
|9 3678
|
| 650 |
0 |
7 |
|a minerálne hnojivá
|2 snkbucl
|9 16508
|
| 650 |
0 |
7 |
|a hospodárske zvieratá
|2 snkbucl
|9 1097
|
| 650 |
0 |
7 |
|a testy matebolické
|2 snkbucl
|9 1316664
|
| 655 |
|
7 |
|a články zo zborníkov
|2 snkbucl
|9 166140
|
| 700 |
1 |
|
|a Šúr, D.
|4 aut
|9 926194
|
| 773 |
0 |
|
|t Vedecké práce Výskumného ústavu lúk a pasienkov v Banskej Bystrici
|d Bratislava : Príroda, 1986
|g S. 167-171
|
| 850 |
|
|
|a Slovenská národná knižnica v Martine
|a MTA001
|
| 852 |
|
|
|a SNK
|b KIS3GCP
|
| 958 |
|
|
|a NB
|
| 958 |
|
|
|a RK
|
| 958 |
|
|
|a ME
|
| 992 |
|
|
|a RZB
|
| 999 |
|
|
|c 2651513
|d 2653443
|